Practicum and internship : (Record no. 32117)

000 -LEADER
fixed length control field 01629cam a2200337 i 4500
001 - CONTROL NUMBER
control field 20842458
005 - DATE AND TIME OF LATEST TRANSACTION
control field 20240812123749.0
008 - FIXED-LENGTH DATA ELEMENTS--GENERAL INFORMATION
fixed length control field 190206t20192019nyu b 001 0 eng
010 ## - LIBRARY OF CONGRESS CONTROL NUMBER
LC control number 2019004725
020 ## - INTERNATIONAL STANDARD BOOK NUMBER
International Standard Book Number 9781138492615
020 ## - INTERNATIONAL STANDARD BOOK NUMBER
International Standard Book Number 9781138492608
040 ## - CATALOGING SOURCE
Original cataloging agency DLC
Language of cataloging eng
Description conventions rda
Transcribing agency DLC
042 ## - AUTHENTICATION CODE
Authentication code pcc
050 00 - LIBRARY OF CONGRESS CALL NUMBER
Classification number RC 459 .B68 2019
082 00 - DEWEY DECIMAL CLASSIFICATION NUMBER
Classification number 616.89/140076
Edition number 23
100 1# - MAIN ENTRY--PERSONAL NAME
Personal name Jungers, Christin M.,
Relator term author.
245 10 - TITLE STATEMENT
Title Practicum and internship :
Remainder of title textbook and resource guide for counseling and psychotherapy /
Statement of responsibility, etc. Christin M. Jungers and Judith Scott.
250 ## - EDITION STATEMENT
Edition statement Sixth edition.
300 ## - PHYSICAL DESCRIPTION
Extent xvii, 332 pages ;
Dimensions 29 cm
500 ## - GENERAL NOTE
General note Previous edition cataloged under John Charles Boylan.
504 ## - BIBLIOGRAPHY, ETC. NOTE
Bibliography, etc Includes bibliographical references and index.
650 #0 - SUBJECT ADDED ENTRY--TOPICAL TERM
Topical term or geographic name as entry element Psychotherapy
General subdivision Study and teaching (Internship)
Form subdivision Outlines, syllabi, etc.
650 #0 - SUBJECT ADDED ENTRY--TOPICAL TERM
Topical term or geographic name as entry element Psychotherapy
General subdivision Study and teaching
-- Supervision
Form subdivision Outlines, syllabi, etc.
650 #0 - SUBJECT ADDED ENTRY--TOPICAL TERM
Topical term or geographic name as entry element Psychotherapy
General subdivision Study and teaching (Internship)
Form subdivision Forms.
650 #0 - SUBJECT ADDED ENTRY--TOPICAL TERM
Topical term or geographic name as entry element Psychotherapy
General subdivision Study and teaching
-- Supervision
Form subdivision Forms.
700 1# - ADDED ENTRY--PERSONAL NAME
Personal name Scott, Judith,
Dates associated with a name 1940-
Relator term author.
776 08 - ADDITIONAL PHYSICAL FORM ENTRY
Relationship information Online version:
Main entry heading Jungers, Christin M., author.
Title Practicum and internship
Edition Sixth edition.
Place, publisher, and date of publication New York, NY : Routledge, 2019
International Standard Book Number 9780429506307
Record control number (DLC) 2019006842
906 ## - LOCAL DATA ELEMENT F, LDF (RLIN)
a 7
b cbc
c orignew
d 1
e ecip
f 20
g y-gencatlg
942 ## - ADDED ENTRY ELEMENTS (KOHA)
Source of classification or shelving scheme
Koha item type Hard Covered Materials
Classification part RC 459 .B68 2019
Holdings
Withdrawn status Lost status Source of classification or shelving scheme Damaged status Not for loan Home library Current library Shelving location Date acquired Source of acquisition Total Checkouts Full call number Barcode Date last seen Price effective from Koha item type
          MACHAKOS UNIVERSITY LIBRARY MACHAKOS UNIVERSITY LIBRARY Open shelf 12/08/2024 falcon   RC 459 .B68 2019 40037 19/08/2024 12/08/2024 Hard Covered Materials
© Machakos University Library, Along The Highway, Machakos Wote Rd, Machakos, Kenya P.O. Box 136 - 90100 Machakos - Kenya

Tel: ( +254 ) 723 805829 OR Fax : 044-20353 OR Email: library@mksu.ac.ke